| 000 | 00600nam a22001697a 4500 | ||
|---|---|---|---|
| 999 |
_c15639 _d15639 |
||
| 003 | AR-CdUCM | ||
| 008 | 190429b ||||| |||| 00| 0 spa d | ||
| 040 |
_aMUNICIPALIDAD PROVINCIAL DEL CUSCO _cBIBLIOTECA MUNICIPAL DEL CUSCO |
||
| 082 |
_aC / 051.985 / _bG535 |
||
| 100 |
_aGispert, Ana _934774 |
||
| 245 | _aLa fiesta del señor de Qoyllur Riti / | ||
| 260 | _c1979. | ||
| 300 |
_a13 páginas ; _c21 cm. |
||
| 505 | _aDescripción de la fiesta -- La celebración actual de la fiesta -- Organización de cargos, funciones y grupos mas representativos... | ||
| 942 |
_2ddc _cFOLLETOS |
||
| 945 | _awfj | ||